000 00652nam a2200241Ia 4500
003 OSt
005 20220918215859.0
006 a|||||r|||| 00| 0
007 ta
008 220917b |||||||| |||| 00| 0 eng d
024 _a143,181
037 _cTextual
040 _aARTS
_cARTS
_beng
041 _2eng
_aeng
082 _aY15:452, N7
100 _aDickenson Donna
_9135678
245 0 _aProperty woman and politics
_b Subjects of objects
260 _aCambridge
_bPolity Press
_c1997
300 _aviii, 231p.
_ccm.
650 _aSOCIOLOGY
942 _hY15:452, N7
_cTEXL
_2CC
999 _c266134
_d266134